Sports Quiz

Random Sports or NBA Quiz

NBA Top 25 Playoff Rebounders since 1995 Quiz Stats

 Plays Quiz not verified by Sporcle

Challenge
Share
Tweet
Score 0/25 Timer 06:00
0 Plays Today
Rebounds Rebounder % Correct
2,218*Shaquille O'Neal
99.3%
2,732Tim Duncan
98.5%
1,534Kevin Garnett
97.4%
1,332LeBron James
92.2%
1,454*Ben Wallace
90.7%
1,099*Rasheed Wallace
90.7%
1,370Dirk Nowitzki
89.9%
779*David Robinson
88.1%
1,014Pau Gasol
86.9%
923Paul Pierce
85.1%
1,119Kobe Bryant
82.8%
1,137*Karl Malone
82.1%
943Dwight Howard
82.1%
Rebounds Rebounder % Correct
798Dwyane Wade
80.6%
799*Dikembe Mutombo
78.4%
1,058*Jason Kidd
74.3%
933Shawn Marion
72.4%
745*Dale Davis
61.6%
920Carlos Boozer
59%
769Manu Ginobili
57.1%
955*Lamar Odom
56.3%
834Kendrick Perkins
52.2%
758Kenyon Martin
51.9%
1,003*Robert Horry
50.7%
791Udonis Haslem
47.4%

You're not logged in!

Compare scores with friends on all Sporcle quizzes.
OR
Log In

You Might Also Like...

Show Comments

Extras

Created Jun 18, 2014ReportNominate
Tags:NBA Quiz, 1995, playoff, Top 25

Top Quizzes Today


Score Distribution

Your Account Isn't Verified!

In order to create a playlist on Sporcle, you need to verify the email address you used during registration. Go to your Sporcle Settings to finish the process.

Report this User

Report this user for behavior that violates our Community Guidelines.

Details: